| 000 | 00688nam a22002417a 4500 | ||
|---|---|---|---|
| 003 | UA-OsUOA | ||
| 001 | 116511 | ||
| 007 | ta | ||
| 008 | 20160322b un ||||| |||| 00| 0 ukr d | ||
| 100 | _aБаукова А. | ||
| 090 |
_a902(075.8) _bБ29 |
||
| 942 | _cBK | ||
| 040 |
_aUA-OsUOA _bukr _cUA-OsUOA _dUA-OsUOA |
||
| 245 |
_aАнтична археологія _bнавчальній посібник |
||
| 300 | _a346 с. | ||
| 955 | _a2 | ||
| 041 | _aukr | ||
| 080 | _a902(075.8) | ||
| 020 | _a978-617-10-0153-4 | ||
| 260 |
_aЛьвів _bЛНУ ім. Івана Франка _c2014 |
||
| 650 | 7 |
_a9 Географія. Біографії. Історія _2UDC |
|
| 999 |
_c402415 _d402415 |
||